An introduction to derivatives and risk management

Bibliographic Details
Main Author: Chance, Don M. (Author)
Format: Book
Published: Mason, OH : Thomson/South-Western , c2004
Edition:6th ed
Subjects:

MARC

LEADER 00000cam a2200000 7i4500
001 0000048413
005 20060806093000.0
008 050220s2004
020 |a 032417800X 
090 0 0 |a HG6024.A3   |b C48 2004 
100 0 |a Chance, Don M. ,   |e author 
245 1 3 |a An introduction to derivatives and risk management   |c Don M. Chance 
250 |a 6th ed 
260 2 |a Mason, OH :   |b Thomson/South-Western ,   |c c2004 
300 |a xiv, 675 p. :   |b ill. ;   |c 26 cm. 
504 |a Includes bibliographical references and index 
650 0 |a Derivative securities 
650 0 |a Futures 
650 0 |a Futures market 
650 0 |a Options (Finance) 
650 0 |a Risk management 
999 |a 1000101126   |b Book   |c OPEN SHELF (30 DAYS)   |e Gong Badak Campus 
999 |a 1000101266   |b Book   |c OPEN SHELF (30 DAYS)   |e Gong Badak Campus